DEWEY DECIMAL CLASSIFICATION (Record no. 206800)
[ view plain ]
| 000 -LEADER | |
|---|---|
| fixed length control field | 00286nam a2200133Ia 4500 |
| 003 - CONTROL NUMBER IDENTIFIER | |
| control field | OSt |
| 005 - DATE AND TIME OF LATEST TRANSACTION | |
| control field | 20240404094605.0 |
| 020 ## - INTERNATIONAL STANDARD BOOK NUMBER | |
| International Standard Book Number | 978-81-7000-668-8 |
| 040 ## - CATALOGING SOURCE | |
| Transcribing agency | LCC |
| 050 ## - LIBRARY OF CONGRESS CALL NUMBER | |
| Classification number | Z696.D7S28 2012 |
| 100 ## - MAIN ENTRY--PERSONAL NAME | |
| Personal name | M. P. SATIJA |
| 245 #0 - TITLE STATEMENT | |
| Title | DEWEY DECIMAL CLASSIFICATION |
| 942 ## - ADDED ENTRY ELEMENTS (KOHA) | |
| Koha item type | Long Loan Book |
| Source of classification or shelving scheme | Dewey Decimal Classification |
| Withdrawn status | Lost status | Source of classification or shelving scheme | Damaged status | Not for loan | Collection | Home library | Current library | Date acquired | Inventory number | Total checkouts | Full call number | Barcode | Date last seen | Copy number | Price effective from | Koha item type |
|---|---|---|---|---|---|---|---|---|---|---|---|---|---|---|---|---|
| Library of Congress Classification | Reserve | Kisii University Library | Kisii University Library | 09/15/2023 | 45187 | Z 696.D7S58 2012 | 001041 | 09/15/2023 | C.1 | 09/15/2023 | Short Loan Book |